Principles of financial management: Practice and decisions (Record no. 396996)

MARC details
000 -LEADER
fixed length control field 00486 a2200181 4500
005 - DATE & TIME
control field 20260313114807.0
008 - FIXED-LENGTH DATA ELEMENTS--GENERAL INFORMATION
fixed length control field 260312b |||||||| |||| 00| 0 eng d
020 ## - ISBN
International Standard Book Number 9789388386579
Price Rs. 995.00
040 ## - CATALOGING SOURCE
Original cataloging agency VIVEKANANDA LIBRARY
082 ## - DDC NUMBER
Classification number 658.15
Book Number A87P
100 ## - MAIN ENTRY--PERSONAL NAME
Personal name Aravind M
245 ## - TITLE STATEMENT
Title Principles of financial management: Practice and decisions
260 ## - PUBLICATION, DISTRIBUTION, ETC. (IMPRINT)
Name of publisher, distributor, etc Viva Books
Date of publication, distribution, etc 2024
Place of publication, distribution, etc New Delhi
300 ## - PHYSICAL DESCRIPTION
Pages xix, 385
650 ## - Subject
Subject Management
650 ## - Subject
Subject Financial Management
942 ## - ADDED ENTRY ELEMENTS (KOHA)
Koha item type Books
Holdings
Withdrawn status Lost status Source of classification or shelving scheme Damaged status Not for loan Location (home branch) Sublocation or collection (holding branch) Shelving location Date acquired Koha issues (times borrowed) Koha full call number Accession No. Koha date last seen Koha item type
    Dewey Decimal Classification     VIVEKANANDA LIBRARY VIVEKANANDA LIBRARY Vivekananda Library 17/02/2026   658.15 A87P 420852 17/02/2026 Books
© Designed and Maintained by Vivekananda Library, MDU Rohtak